| 000 | 00752nam a22002415a 4500 | ||
|---|---|---|---|
| 005 | 20180225103630.0 | ||
| 008 | 180225s1980 enka frb 001 0 eng d | ||
| 020 | _a0710004397 | ||
| 020 | _a0710004400 | ||
| 040 |
_aEG-ScBUE _beng _cEG-ScBUE |
||
| 082 | 0 | 4 |
_a363.5 _bBAS _222 |
| 100 | 1 | _aBassett, Keith. | |
| 245 | 1 | 0 |
_aHousing and residential structure : _balternative approaches / _cKeith Bassett and John R. Short. |
| 250 | _a1st. ed. | ||
| 260 |
_aLondon ; _aBoston : _bRoutledge & Kegan Paul, _c1980. |
||
| 300 |
_a254 p. : _bill. ; _c20 cm. |
||
| 504 | _aIncludes bibliographical references and index. | ||
| 650 | 7 |
_aHousing. _2BUEsh |
|
| 651 | _2BUEsh | ||
| 653 |
_bBUSECO _bBUSBOL _cFebruary2018 |
||
| 700 | 1 | _aShort, John R. | |
| 942 | _2ddc | ||
| 999 |
_c26161 _d26133 |
||